Rammohun Roy on Indian economy. (Record no. 70560)
[ view plain ]
| 000 -LEADER | |
|---|---|
| fixed length control field | 00798cam a22002411 4500 |
| 001 - CONTROL NUMBER | |
| control field | sa 66006520 |
| 003 - CONTROL NUMBER IDENTIFIER | |
| control field | DLC |
| 005 - DATE AND TIME OF LATEST TRANSACTION | |
| control field | 20260227112257.0 |
| 008 - FIXED-LENGTH DATA ELEMENTS--GENERAL INFORMATION | |
| fixed length control field | 821111s1965 ii 000 0 eng |
| 010 ## - LIBRARY OF CONGRESS CONTROL NUMBER | |
| LC control number | sa 66006520 |
| 035 ## - SYSTEM CONTROL NUMBER | |
| System control number | (OCoLC)8945267 |
| 040 ## - CATALOGING SOURCE | |
| Original cataloging agency | DLC |
| Transcribing agency | MoU |
| Modifying agency | DLC |
| 042 ## - AUTHENTICATION CODE | |
| Authentication code | premarc |
| 050 00 - LIBRARY OF CONGRESS CALL NUMBER | |
| Classification number | HC435 |
| Item number | .R28 |
| 100 0# - MAIN ENTRY--PERSONAL NAME | |
| Personal name | Rammohun Roy, |
| Titles and words associated with a name | Raja, |
| Dates associated with a name | 1772?-1833. |
| 245 10 - TITLE STATEMENT | |
| Title | Rammohun Roy on Indian economy. |
| Statement of responsibility, etc. | Edited by Susobhan Chandra Sarkar. Compiled on behalf of Socio-Economic Research Institute, Calcutta. |
| 260 ## - PUBLICATION, DISTRIBUTION, ETC. | |
| Place of publication, distribution, etc. | [Calcutta, |
| Name of publisher, distributor, etc. | Rare Book Pub. Syndicate, |
| Date of publication, distribution, etc. | 1965] |
| 300 ## - PHYSICAL DESCRIPTION | |
| Extent | 98 p. |
| 651 #0 - SUBJECT ADDED ENTRY--GEOGRAPHIC NAME | |
| Geographic name | India |
| General subdivision | Economic conditions |
| Chronological subdivision | 1945- |
| 650 #0 - SUBJECT ADDED ENTRY--TOPICAL TERM | |
| Topical term or geographic name entry element | Justice, Administration of |
| Geographic subdivision | India. |
| 700 1# - ADDED ENTRY--PERSONAL NAME | |
| Personal name | Sarkar, Susobhan Chandra. |
| 710 2# - ADDED ENTRY--CORPORATE NAME | |
| Corporate name or jurisdiction name as entry element | Socio-economic Research Institute. |
No items available.